000 00289nam a2200109Ia 4500
008 171211s9999 xx 000 0 und d
245 _aShotokan Karate Kata 1
245 _cJoachim Grupp
260 _c2010
650 _xMartial Arts
856 _uhttp://down.ebook777.com/056/3898993256.pdf
999 _c348224
_d348224